000
00208nam a22000857a 4500
008
170526b xxu||||| |||| 00| 0 eng d
100
_9
3122
_a
Macmillan
245
_a
Let go USA Including Canada
260
_a
USA
_c
1998
999
_c
6410
_d
6410